| 000 | 00666nam a2200241Ia 4500 | ||
|---|---|---|---|
| 003 | OSt | ||
| 005 | 20220926012113.0 | ||
| 006 | a|||||r|||| 00| 0 | ||
| 007 | ta | ||
| 008 | 220923b |||||||| |||| 00| 0 eng d | ||
| 037 | _cGeneral Book | ||
| 040 |
_aRTL _cRTL _beng |
||
| 041 |
_2eng _aeng |
||
| 082 | _aX;326:(B), L2 | ||
| 100 |
_aNelson Charles R _9251007 |
||
| 245 | 0 | _aTerm structure of interest rates | |
| 260 |
_aNew York _bBasic Books _c1972 |
||
| 300 |
_axx, 129p _ccm. |
||
| 500 | _aBibliography: P121-23 | ||
| 650 | _aCapitalist Interest | ||
| 942 |
_hX;326:(B), L2 _cGB _2CC |
||
| 999 |
_c621706 _d621706 |
||